000 01200nam a2200337 i 4500
001 bg
003 BPK
005 20201023120606.0
008 021010s2002 pl a e |000 0 pol
015 _aPB 2002/16609
020 _a8388551698
040 _aWA N
_cBPK
080 _a327
080 _a339.9
080 _a(03)
245 0 0 _aStosunki międzynarodowe /
_cpod red. Teresy Łoś-Nowak ; [aut. haseł Teresa Łoś-Nowak et al.].
260 _aKraków :
_b"Zakamycze",
_c2002.
300 _a440, [3] s. :
_bil. ;
_c24 cm.
490 1 _aEncyklopedia politologii / pod red. Marka Żmigrodzkiego ;
_vt. 5.
500 _aNazwy aut. na s. 5.
504 _aBibliogr. przy hasłach.
650 4 _aMiędzynarodowe stosunki gospodarcze
650 4 _aPolityka międzynarodowa
655 4 _aEncyklopedia
700 1 _aŁoś-Nowak, Teresa
_d(1945- )
_eRedakcja
710 2 _aKantor Wydawniczy Zakamycze
_4pbl.
700 1 _aŻmigrodzki, Marek
_d(1946- )
_eRedakcja
830 0 _aEncyklopedia politologii ;
_vt. 5.
856 _uhttp://koha.tu.koszalin.pl/cgi-bin/koha/opac-detail.pl?biblionumber=40538
_yKatalog online BPK
942 _2UKD
_cKS
999 _c40538
_d40538